[Event "FIDE-Wch k.o."]
[Site "Moscow"]
[Date "2001.11.29"]
[Round "2.1"]
[White "Kasimdzhanov, Rustam"]
[Black "Khenkin, Igor"]
[Result "1/2-1/2"]
[WhiteElo "2706"]
[BlackElo "2572"]
[Annotator "Lutz,C"]
[PlyCount "46"]
[EventDate "2001.11.27"]
[EventType "k.o."]
[EventRounds "7"]
[EventCountry "RUS"]
[SourceTitle "CBM 086"]
[Source "ChessBase"]
[SourceDate "2002.02.05"]
[SourceVersion "1"]
[SourceVersionDate "2002.02.05"]
[SourceQuality "1"]

1. d4 d5 2. c4 c6 3. Nc3 Nf6 4. Nf3 e6 5. e3 Nbd7 6. Bd3 dxc4 7. Bxc4 b5 8. Bd3
Bb7 9. e4 b4 10. Na4 c5 11. e5 Nd5 12. O-O cxd4 13. Re1 Be7 $5 {Bislang gab
man meist 13...g6 den Vorzug, da nach dem Textzug Weiß scheinbar zu einem
Angriff am Königsflügel kommt. Aber mit etwas Umsicht ist die Sache nicht so
klar.} (13... g6 {1-0 Jussupow,A-Dominguez,L/Yerevan 2001/CBM 86/[Lutz] (32)})
14. Nxd4 O-O 15. Qg4 (15. Qh5 g6 16. Qh6 Nxe5 $1 17. Rxe5 Nf6 $1 18. Qf4 Bd6
19. Qg3 (19. Nc5 Bd5 20. Ndb3 {1/2-1/2 Greenfeld,A-Speelman,J/Tilburg 1992/CBM
32 (20)} Bxb3 21. axb3 Bxc5 22. Rxc5 Qxd3 $17) 19... Nd7 20. Bf4 Qf6 21. Be4
Bxe5 22. Bxe5 Nxe5 23. Bxb7 Rad8 24. Nc6 Nxc6 25. Bxc6 Qf5 $15 {0-1 Dyachkov,
S-Dreev,A/Smolensk 2000/CBM 77/[Lutz] (80)}) 15... Re8 (15... Kh8 16. Qh3 g6
17. Bh6 Rg8 (17... Re8 18. Bb5 Rc8 19. Qf3 Kg8 20. Qg4 Rc7 21. Rac1 Rxc1 22.
Rxc1 Nxe5 23. Qe4 Bg5 24. Bxg5 Qxg5 25. Re1 Rc8 26. Qxe5 Qxe5 27. Rxe5 Rc1+ 28.
Bf1 Ba6 29. Ne2 Nf4 30. Nxc1 {1-0 Dorfman,J-Bednarski,J/Polanica Zdroj 1978/
MCD (30)}) 18. Rac1 N5b6 19. Nxb6 Qxb6 20. Nf3 Rgc8 21. Ng5 Bxg5 22. Bxg5 Rxc1
23. Rxc1 Kg8 24. Re1 {1/2-1/2 Gulko,B-Vaganian,R/Vilnius 1975/MCL (24)}) 16.
Bh6 Bf8 17. Bg5 Be7 18. h4 Bxg5 (18... Rc8 19. a3 Bxg5 20. hxg5 bxa3 $6 (20...
a6 $5) 21. Rxa3 a6 $2 22. Bxh7+ $1 Kxh7 23. Qh5+ Kg8 24. Rh3 Kf8 25. Rf3 f5 26.
Qh8+ Kf7 27. g6+ {1-0 Scheeren,P-Cuijpers,F/Hilversum 1984/MCD (27)}) 19. hxg5
a6 20. Rad1 (20. a3 $5 bxa3 (20... Rc8) 21. Rxa3 Rc8 $2 {- 16...Rc8}) 20... Qa5
21. b3 Nc3 22. Nxc3 bxc3 23. b4 Qb6 {In der Schlussstellung hat Schwarz
genügend Gegenspiel. Am Damenflügel sind viele Linien offen, am Königsflügel
kommt Weiß nicht weiter.} (23... Qb6 24. Re3 Nf8 {/\ ...Red8, /\ ...Rac8})
1/2-1/2

[Event "Dubai op 6th"]
[Site "Dubai"]
[Date "2004.04.23"]
[Round "5"]
[White "Vladimirov, Yevgeniy"]
[Black "Ramesh, Ramachandran B"]
[Result "1-0"]
[WhiteElo "2621"]
[BlackElo "2493"]
[Annotator "Lutz,C"]
[PlyCount "53"]
[EventDate "2004.04.19"]
[EventType "swiss"]
[EventRounds "9"]
[EventCountry "UAE"]
[SourceTitle "CBM 101"]
[Source "ChessBase"]
[SourceDate "2004.07.27"]
[SourceVersion "1"]
[SourceVersionDate "2004.07.27"]
[SourceQuality "1"]

1. d4 d5 2. c4 c6 3. Nf3 Nf6 4. Nc3 e6 5. e3 Nbd7 6. Bd3 dxc4 7. Bxc4 b5 8. Bd3
Bb7 9. e4 b4 10. Na4 c5 11. e5 Nd5 12. dxc5 Nxc5 13. Bb5+ Nd7 14. Bg5 Qa5 15.
Bxd7+ Kxd7 {Diese Variante gilt trotz des unrochierten Königs auf d7 als OK
für Schwarz. Der mächtige Nd5 einerseits und der im Abseits stehende Na4 geben
Schwarz gute Gegenchancen, er muss aber die Kontrolle über die schwachen
Felder auf der c-Linie (c4 und c5) behalten. In der vorliegenden Partie
beachtet Schwarz diesen Aspekt nicht und gerät prompt in Schwierigkeiten.} 16.
O-O Bc6 $6 (16... Be7 {ist sicherer:} 17. a3 (17. b3 h6 $1 18. Bxe7 (18. Bd2 {
Jussupow} Rhc8 $132) 18... Kxe7 19. Nd2 $6 (19. Nb2 {Jussupow} Qc7 20. Nc4 Nc3
21. Qd2 Bxf3 22. gxf3 $15) (19. Qd4 $142 {Jussupow} Rhd8 20. Qe4 $5 Rab8 21.
Qh7 Rh8 $10) 19... Nf4 $1 20. Nc4 Qd5 21. Qxd5 (21. f3 {Jussupow} Rhd8 $17)
21... Bxd5 $15 {1/2-1/2 Jussupow,A-Kramnik,V/Horgen 1995/CBM 50/[Jussupow] (27)
}) 17... Rhc8 $1 (17... Rhd8 {Jussupow} 18. axb4 Qxb4 19. Bd2 Qg4 20. Qb3 Nb6
$13) 18. axb4 (18. Bxe7 Kxe7 19. Ng5 Nf4 $1 20. Qd6+ Ke8 21. Nxh7 Ng6 22. axb4
Qxe5 23. Qxe5 Nxe5 $11 {0-1 Sundararajan,K-Pelletier,Y/Biel 2000/CBM 77 ext/
[Pelletier] (56)}) (18. Bd2 {Pelletier} Ke8 19. axb4 Nxb4 $132) 18... Qxb4 19.
Bd2 Qc4 20. Nc3 Ke8 $15 {0-1 Pelletier,Y-Galkin,A/Biel 2000/CBM 77 ext/
[Pelletier] (47)}) 17. b3 Be7 $6 {Dies hätte einen Zug früher geschehen müssen.
} (17... h6 18. Bd2 Bb5 (18... Bxa4 19. bxa4 Bc5 20. a3 Rhc8 21. Rb1 Rab8 22.
Ne1 $36 {Cvitan,O-Kharlov,A/Bern 1992/CBM 28/1/2-1/2 (46)}) 19. Re1 Bxa4 20.
bxa4 Bc5 21. a3 Qb6 $2 (21... Rab8 $132) (21... Rhc8 $132) 22. a5 $1 Qb7 (22...
Bxf2+ 23. Kf1 Qc5 24. axb4 $18) (22... Qxa5 23. axb4 $18) 23. axb4 Be7 (23...
Bxb4 24. Rb1 $18) 24. Nd4 $18 {1-0 Pelletier,Y-Bacrot,E/Lausanne 1999/CBM 71/
[Lutz] (85)}) (17... Bxa4 18. bxa4 h6 19. Be3 Be7 20. Nd4 Rhc8 21. Qh5 $36 g6
22. Qf3 Ke8 23. Nb5 Qxa4 24. Nd6+ Bxd6 25. exd6 Qd7 26. Bxh6 Qxd6 27. Rad1 (27.
Rfe1 Rc3 28. Qe4 Rac8 29. Rad1 Kd7 30. Qd4 $36 {Balashov-Mariotti/Leningrad/
1977/-24/548}) 27... Rc3 28. Qe4 Kd7 29. Bd2 (29. Qd4 $5) 29... Rac8 $44 {
Cvitan-Shabalov/Biel/op/1992}) 18. Nb2 $40 h6 $2 (18... Rhc8 19. Nc4 Qa6 20.
Qd4 Bb5 21. Bxe7 (21. Rfc1 Bc5) 21... Kxe7 22. Qh4+ Kf8 23. Qxh7 Bxc4 24. bxc4
Qxc4 $132 {/\} 25. Qh8+ $2 Ke7 26. Qxg7 Rg8 27. Qh6 Rxg2+ $17) 19. Nc4 Qa6 20.
Bxe7 Kxe7 21. Qd4 Bb5 22. a4 $1 $18 Bxc4 (22... bxa3 23. Rxa3 $18) 23. bxc4 Nc7
24. Qc5+ Kd7 25. Rfd1+ Kc8 26. Rd6 Qb7 27. Nd4 1-0

[Event "FIDE-Wch k.o."]
[Site "Moscow"]
[Date "2001.11.29"]
[Round "2.1"]
[White "Vaganian, Rafael A"]
[Black "Gurevich, Mikhail"]
[Result "1/2-1/2"]
[WhiteElo "2650"]
[BlackElo "2605"]
[Annotator "Lutz,C"]
[PlyCount "140"]
[EventDate "2001.11.27"]
[EventType "k.o."]
[EventRounds "7"]
[EventCountry "RUS"]
[SourceTitle "CBM 086"]
[Source "ChessBase"]
[SourceDate "2002.02.05"]
[SourceVersion "1"]
[SourceVersionDate "2002.02.05"]
[SourceQuality "1"]

1. Nf3 d5 2. d4 Nf6 3. c4 c6 4. Nc3 e6 5. e3 Nbd7 6. Bd3 dxc4 7. Bxc4 b5 8. Bd3
b4 (8... Bb7 9. O-O b4 10. Ne4 Be7 11. Nxf6+ Nxf6 12. e4 O-O) 9. Ne4 Be7 10.
Nxf6+ Nxf6 11. e4 Bb7 12. Qe2 $1 {Dieser Zug ist der Nachteil von sofortigem 8.
..b4 (gegenüber der Zufolge 8...Lb7 9.0-0 b4, siehe Variante nach 8...Bb7): Da
Weiß noch nicht kurz rochiert hat, kann er im Falle einer kurzen schwarzen
Rochade direkt den gegnerischen König angreifen.} (12. O-O O-O) 12... Nd7 {
Aus den besagten Gründen schiebt Schwarz erst einmal diesen Zug ein.} (12...
O-O $6 {ist zu gefährlich:} 13. e5 Nd7 14. Qe4 $1 g6 15. h4 $1 Re8 16. h5 Nf8
17. hxg6 fxg6 18. Bh6 Qd7 19. Qg4 c5 20. Bxf8 Bxf3 21. Qxf3 Bxf8 22. dxc5 Bxc5
23. O-O-O $1 $18 {1-0 Lautier,J-Gurevich,M/Dordrecht 2001/CBM 82/[McShane] (34)
}) 13. O-O O-O 14. Be3 $5 $146 (14. Rd1 {wurde häufiger gespielt.} Rc8 (14...
c5 15. Bb5 Qc7 (15... Nf6 $6 16. e5 Nd5 17. Bd3 cxd4 18. Qe4 g6 19. Bh6 $40 {
1-0 Bouaziz,S-Van der Werf,M/Cannes 1997/CBM 57 ext (40)}) 16. Bg5 Bxg5 17.
Nxg5 h6 18. Nf3 Rfd8 19. Rac1 Rac8 $11 {1/2-1/2 Sultanov,A-Frolov,D/Samara
2000/CBM 78 (32)}) 15. Be3 Qc7 16. Rac1 (16. Ba6 Qb6 17. Bxb7 Qxb7 18. Rac1 c5
19. dxc5 Nxc5 20. e5 Na4 21. Bg5 h6 22. Bxe7 Qxe7 $11 {0-1 Levin,F-Antunes,A/
Sevilla 1994/TD (49)}) 16... Qb8 17. Ba6 (17. Nd2 c5 18. Nb3 cxd4 19. Bxd4 h6
20. Bb5 Rxc1 21. Rxc1 Rd8 22. f3 Bd6 23. g3 Be5 24. Bf2 Bf6 25. Kg2 Ne5 26. Nc5
g5 $13 {1/2-1/2 Gabriel,C-Hansen,C/Germany 1998/GER-chT (39)}) 17... Rfd8 18.
h3 h6 19. Bxb7 Qxb7 $11 {1/2-1/2 Tkachiev,V-Gurevich,M/Cannes 2001/CBM 82/
[Lutz] (34)}) 14... c5 $5 {Vielleicht ist dieser Zug hier verfrüht.} (14... Rc8
$5) 15. Rfd1 cxd4 16. Nxd4 $14 {Wie üblich in dieser Struktur hat Schwarz
Schwierigkeiten auf der c-Linie. Einen klaren Weg zum Ausgleich sehe ich nicht.
} Nc5 (16... Ne5 17. Bb5) 17. Bb5 Qc7 18. Rac1 a6 (18... Rfc8 19. Nb3 Qb6 20.
Bd7 Rc7 21. Qc4 $16) 19. Nb3 axb5 20. Bxc5 Bxc5 21. Nxc5 Rfc8 22. Qe1 $2 (22.
Qxb5 Bxe4 23. Qxb4 Bd5 24. a3 $16 {mit einem Mehrbauern für Weiß. Die schwarze
Kompensation dafür ist ungenügend.}) 22... Bc6 23. Nd3 (23. Ra1 Rd8 24. Rdc1 (
24. Rxd8+ Qxd8 25. Qxb4 Rxa2 $1) 24... Rd4) 23... Qb7 {Wegen der Schwäche der
Bauern a2 und e4 hält Schwarz das Gleichgewicht.} 24. Qxb4 Rxa2 25. Qd6 Raa8
26. Nc5 Qb8 27. Qxb8 Rcxb8 28. f3 Be8 29. Kf2 Kf8 $11 {Schwarz hat die
Stellung ausgeglichen.} 30. Nd7+ Bxd7 31. Rxd7 Rc8 32. Rdc7 Rxc7 33. Rxc7 Ra2
34. Rc2 Ke7 35. e5 f6 36. exf6+ gxf6 37. Ke3 Kd6 38. Rd2+ Kc6 39. g4 Ra4 40. h4
Rb4 41. h5 h6 42. Rd8 f5 43. gxf5 exf5 44. Rf8 Kd5 45. Rxf5+ Ke6 46. Rc5 Rxb2
47. Kf4 Rb4+ 48. Kg3 Kf6 49. Kg2 Rb2+ 50. Kh3 Rb1 51. Rc6+ Kg5 52. Kg3 Kxh5 53.
Rc5+ Kg6 54. Rc6+ Kg7 55. Rc7+ Kf8 56. Rh7 Rh1 57. f4 b4 58. Kg2 Kg8 59. Rb7
Rb1 60. f5 b3 61. Kh2 Kf8 62. Kg2 Ke8 63. Rb6 h5 64. Rb7 Kd8 65. Kh2 Kc8 66.
Rb5 Kd7 67. Rd5+ Kc6 68. Rd3 Kc5 69. f6 Kc4 70. Rf3 Rd1 1/2-1/2

[Event "WchT 5th"]
[Site "Yerevan"]
[Date "2001.10.18"]
[Round "7.1"]
[White "Kasimdzhanov, Rustam"]
[Black "Akopian, Vladimir Eduardovic"]
[Result "1/2-1/2"]
[WhiteElo "2706"]
[BlackElo "2660"]
[Annotator "Lutz,C"]
[PlyCount "77"]
[EventDate "2001.10.12"]
[EventType "team-tourn"]
[EventRounds "9"]
[EventCountry "ARM"]
[SourceTitle "CBM 086"]
[Source "ChessBase"]
[SourceDate "2002.02.05"]
[SourceVersion "1"]
[SourceVersionDate "2002.02.05"]
[SourceQuality "1"]
[WhiteTeam "Uzbekistan"]
[BlackTeam "Armenia"]
[WhiteTeamCountry "UZB"]
[BlackTeamCountry "ARM"]

1. d4 d5 2. c4 c6 3. Nf3 Nf6 4. Nc3 e6 5. e3 Nbd7 6. Bd3 dxc4 7. Bxc4 b5 8. Bd3
Bb7 9. O-O b4 10. Ne4 Be7 11. Nxf6+ Nxf6 12. e4 O-O 13. Qe2 {Nachdem der
Variante 13.e5 vorerst der Zahn gezogen wurde, versucht es Kasimdzhanov wieder
mit diesem Zug.} (13. e5 Nd7 14. Be4 Rb8 15. a3 bxa3 16. b4 f5 $1) 13... c5 14.
dxc5 Nd7 15. c6 $1 {Weiß lockt den schwarzen Läufer auf ein schlechteres Feld.}
Bxc6 16. Be3 Bb7 17. Rfc1 {In dieser Variante kann Weiß wegen der schwarzen
Schwächen entlang der c-Linie auf eine leichte Initiative hoffen.} (17. Rac1 $5
Qa5 18. Bb5 Rad8 19. Nd4 Bf6 20. f3 a6 21. Bc4 Nc5 22. Rfd1 $14 {Stohl,
I-Novikov,I (Ostrava 1994)}) 17... Bd6 $5 {Ein seltener Zug, bislang wurde
meist 17...Qa5 gespielt.} (17... Qa5 18. Bb5 (18. Nd2 Ne5 19. Nb3 Qd8 20. Ba6
Bxa6 21. Qxa6 Ng4 $1 $132 22. Bf4 Bg5 23. Bxg5 Qxg5 $132 {1/2-1/2 Lautier,
J-Gurevich,M/France 2000/CBM 75/[Gurevich,M] (73)}) 18... Nf6 19. Nd4 Bxe4 20.
Bc6 Bd6 21. Bxa8 Bxa8 22. Qb5 Qd8 23. Nc6 Bxc6 24. Rxc6 Ng4 25. g3 Nxe3 26.
fxe3 Be7 $44 {1/2-1/2 Piket,J-Gurevich,M/Germany 2000/CBM 82 ext (42)}) (17...
a6 $5 {Kacheishvili,G-Vallejo Pons,F/Leon 2001/CBM 86 (65)}) 18. h3 (18. Bd4
Qb8 19. a3 a5 20. g3 Rd8 21. axb4 axb4 22. Rxa8 Qxa8 23. b3 Rc8 24. Ra1 Qb8 25.
Bc4 Ne5 26. Nxe5 Bxe5 27. Rd1 g6 28. Qe3 Rd8 29. Rd3 Bxd4 30. Rxd4 Qa8 31.
Rxd8+ Qxd8 32. f3 Qd6 33. Qd3 {1/2-1/2 Savon,V-Vaganian,R/Riga 1970/URS-ch (33)
}) 18... Ne5 19. Nxe5 Bxe5 20. Bc5 Bd6 21. Qe3 Bxc5 22. Rxc5 $14 Qb6 23. Rac1
Rfd8 24. Be2 h6 25. Qf4 Qd6 26. Qxd6 Rxd6 27. Bf3 Rd4 28. R1c4 Rad8 29. Rc7
Rxc4 30. Rxc4 a5 31. Rc7 Rb8 32. b3 g6 33. Rc5 $6 {Die folgenden Turmzüge
helfen Weiß nicht weiter.} (33. Kh2 $5 $14 {mit der Idee Kg3-f4-e5, und
Schwarz muss noch leiden.}) 33... Ra8 34. Rb5 Ra7 35. Rb6 Ba6 36. Rd6 Kf8 37.
e5 Ke7 38. Bc6 g5 39. Ba4 1/2-1/2

[Event "Balatonbereny GM"]
[Site "Balatonbereny"]
[Date "1996.??.??"]
[Round "7"]
[White "Horvath, Csaba"]
[Black "Bacrot, Etienne"]
[Result "0-1"]
[WhiteElo "2540"]
[BlackElo "2425"]
[Annotator "Lutz,C"]
[PlyCount "80"]
[EventDate "1996.06.13"]
[EventType "tourn"]
[EventRounds "11"]
[EventCountry "HUN"]
[EventCategory "11"]
[SourceTitle "CBM 055"]
[Source "ChessBase"]
[SourceDate "1996.12.01"]
[SourceVersion "1"]
[SourceVersionDate "1996.12.01"]
[SourceQuality "1"]

1. d4 {Psakhis} d5 2. c4 c6 3. Nc3 Nf6 4. Nf3 e6 5. e3 Nbd7 6. Bd3 dxc4 7. Bxc4
b5 8. Bd3 Bb7 9. O-O b4 10. Ne4 Be7 11. Nxf6+ Nxf6 12. e4 c5 $5 {Eine seltene
Alternative zu 12...0-0:} (12... O-O 13. e5 Nd7 14. Be4 h6 $5 $146 {Milov,
V-Gurevich,M/Neuchatel (05) ; CBM 53 1996} (14... Rb8 {Psakhis} 15. Qc2 h6 16.
Be3 c5 $10 {Greenfeld,A-Thorstein,K/ISL-ISR Reykjavik/1996/0,5/19/})) 13. Bb5+
(13. e5 $5 {Psakhis} Nd5 14. dxc5 Bxc5 15. Ng5 Qd7 16. Ne4 Be7 17. Qg4 Kf8 18.
Bg5 $36 {Gheorghiu,F-Savon,V/Moscow/1971/0,5/44/}) 13... Kf8 14. e5 Nd5 15.
dxc5 Bxc5 {[%csl Gb7,Gc5,Gd5][%cal Yb7g2,Yc5g1] Als Ausgleich für den
Rochadeverlust hat Schwarz aktiv postierte Leichtfiguren. Die Frage ist nun,
ob Weiß seinen Entwicklungsvorsprung ausnutzen kann. Es existieren kaum
Beispiel aus der Praxis.} 16. Ng5 h6 17. Qh5 {Möglicherweise ist dieser
Ausfall nur scheinaktiv, da die weißen Figuren wieder zurückgeschlagen werden.}
(17. Ne4 $5 Be7 18. a3 Qb6 19. Qe2 a5 20. Rd1 g6 21. axb4 axb4 22. Rxa8+ Bxa8
23. Bc4 Kg7 24. Bxd5 exd5 $2 (24... Bxd5 {Psakhis} 25. Nf6) 25. Be3 Qc6 26. Rc1
Qe6 27. Nc5 Bxc5 (27... Qxe5 28. Nd7 Qd6 29. Bd4+ $40) 28. Bxc5 d4 29. Bxb4 Qd5
30. f3 Rb8 31. Bd2 Qb5 32. Qe1 Re8 33. Qh4 g5 34. Qxd4 Re6 35. Rc8 {1-0
Maksimenko,A-Abbink,M/Pardubice op (08) ;EXT 94op 1994}) 17... Qc7 {N/} (17...
g6 $5 18. Nxe6+ fxe6 19. Qxg6 Qe7 20. Bxh6+ Rxh6 21. Qxh6+ Qg7 22. Qxg7+ Kxg7
$13 {Marin,M-Lanc,A/Dresden ;CBM 10 1988} 23. Rac1 $16 {Psakhis}) 18. Bd3 Kg8 (
18... g6 $5 19. Nxe6+ (19. Bxg6 fxg6 20. Nxe6+ Kf7 21. Nxc7 gxh5 22. Nxa8 Bxa8)
19... fxe6 20. Bxh6+ Ke7 21. Qg5+ Kd7 22. Rac1 $44) 19. Ne4 Be7 (19... Bd4 20.
Nd6) 20. f4 {Einen derartigen Zug spielt man nicht gern, da der Bc1
eingesperrt wird und Diagonalen für Schwarz geöffnet werden. Andererseits war
der Pe5 nicht gut zu decken.} Qb6+ (20... g6) 21. Kh1 Ba6 (21... Qd4 22. Qf3
Rd8 23. Rd1) 22. Bxa6 Qxa6 23. Bd2 g6 (23... Qd3 $5 {Psakhis} 24. Rae1 g6) 24.
Qf3 Rc8 25. a3 bxa3 26. bxa3 Kg7 27. Bb4 (27. Rfc1 {Psakhis} Rxc1+ 28. Rxc1 Rb8
$15) 27... Nxb4 28. axb4 Qb6 29. b5 Rc7 (29... Rhd8 {Psakhis} 30. Ra6 Qxb5 31.
Rxa7 Qb4 32. Raa1 Rc2 $15) 30. g4 $2 {Sieht stark aus, trifft jedoch auf eine
genau kalkulierte Riposte.} (30. Qe2 $15) 30... h5 $1 (30... Qxb5 {Psakhis} 31.
f5 Bh4 $1 32. fxg6 (32. Nd6 Qxe5) 32... Qxe5 (32... fxg6 33. Rac1 Re7 (33...
Qxe5 $2 34. Rc5 $3) 34. g5 $5 $13) 33. Rac1 (33. gxf7 Rf8) 33... Rf8 (33... f6
34. Rxc7+ Qxc7 35. Nxf6) (33... Re7 34. Rc5 Qd4 35. Rh5 f5 $8 36. gxf5 exf5 37.
Ng3 $132) 34. Rxc7 Qxc7 35. Nf6 $1 $13) 31. f5 (31. g5 Qxb5) (31. gxh5 Rxh5 $17
) 31... hxg4 32. f6+ Kg8 (32... Kh7 33. Qxg4 Bf8) 33. fxe7 (33. Qxg4 Rc2 $17 (
33... Rc2 $5 {Psakhis} 34. h4 (34. h3 Qe3) 34... Bf8 $19)) (33. Qg2 Bf8 $17)
33... gxf3 34. e8=Q+ Kg7 $19 {Die Pointe von 30...h5!: die weiße Dame ist
gefangen.} 35. Nd6 (35. Nf6 {Psakhis} Rc2 $1) 35... Qd4 $1 36. Ra2 Qxe5 37. Rd2
(37. Nxf7 {Psakhis} Rxf7 38. Qc6 f2 39. Rfxf2 (39. Qg2 Rxh2+ $1 40. Qxh2 Qd5+
41. Qg2 Qxa2 $19) 39... Qe1+ 40. Kg2 Rxf2+ 41. Rxf2 Rxh2+ 42. Kxh2 Qxf2+ $19)
37... Qf4 38. b6 Qxd2 39. Nf5+ gxf5 (39... Kh7 {Psakhis}) 40. Rg1+ Qg2+ 0-1

[Event "WchT 5th"]
[Site "Yerevan"]
[Date "2001.10.17"]
[Round "6.1"]
[White "Akopian, Vladimir Eduardovic"]
[Black "Dominguez Perez, Leinier"]
[Result "1/2-1/2"]
[WhiteElo "2660"]
[BlackElo "2596"]
[Annotator "Lutz,C"]
[PlyCount "59"]
[EventDate "2001.10.12"]
[EventType "team-tourn"]
[EventRounds "9"]
[EventCountry "ARM"]
[SourceTitle "CBM 086"]
[Source "ChessBase"]
[SourceDate "2002.02.05"]
[SourceVersion "1"]
[SourceVersionDate "2002.02.05"]
[SourceQuality "1"]
[WhiteTeam "Armenia"]
[BlackTeam "Cuba"]
[WhiteTeamCountry "ARM"]
[BlackTeamCountry "CUB"]

1. d4 d5 2. c4 c6 3. Nc3 Nf6 4. e3 e6 5. Nf3 Nbd7 6. Bd3 dxc4 7. Bxc4 b5 8. Bd3
Bb7 9. O-O b4 10. Ne4 Nxe4 11. Bxe4 Bd6 {Für nähere Erläuternungen dieser
Variante siehe Vaganian,R-Gurevich,M/Wch Moscow 2001 in dieser Ausgabe.} 12.
Nd2 Qc7 13. h3 c5 14. Bxb7 Qxb7 15. Nc4 Be7 16. b3 (16. dxc5 {1/2-1/2 Vaganian,
R-Gurevich,M/Moscow 2001/CBM 86/[Lutz] (34)}) 16... O-O 17. Bb2 Bf6 18. Qg4
cxd4 19. Bxd4 Bxd4 20. Qxd4 Nf6 21. Nd6 Qe7 22. e4 (22. Qxb4 $2 Rad8 {/\ ...Ne8
}) 22... Rad8 23. e5 Nd5 24. Rfe1 f6 {Schwarz entwurzelt den Nd6 und erhält
Gegenspiel entlang der f-Linie. Der isolierte Pe6 ist nicht so wesentlich.} 25.
Nc4 fxe5 26. Qxe5 Nf4 27. Rad1 Qh4 28. Rxd8 Nxh3+ $11 {Wickelt ins Dauerschach
ab.} 29. gxh3 Qxf2+ 30. Kh1 1/2-1/2

[Event "WchT 5th"]
[Site "Yerevan"]
[Date "2001.10.19"]
[Round "8.1"]
[White "Jussupow, Artur"]
[Black "Dominguez Perez, Leinier"]
[Result "1-0"]
[WhiteElo "2633"]
[BlackElo "2596"]
[Annotator "Lutz,C"]
[PlyCount "63"]
[EventDate "2001.10.12"]
[EventType "team-tourn"]
[EventRounds "9"]
[EventCountry "ARM"]
[SourceTitle "CBM 086"]
[Source "ChessBase"]
[SourceDate "2002.02.05"]
[SourceVersion "1"]
[SourceVersionDate "2002.02.05"]
[SourceQuality "1"]
[WhiteTeam "Germany"]
[BlackTeam "Cuba"]
[WhiteTeamCountry "GER"]
[BlackTeamCountry "CUB"]

1. d4 d5 2. c4 c6 3. e3 Nf6 4. Nc3 e6 5. Nf3 Nbd7 6. Bd3 dxc4 7. Bxc4 b5 8. Bd3
Bb7 9. e4 b4 10. Na4 c5 11. e5 Nd5 12. O-O cxd4 13. Re1 (13. Nxd4 Nxe5 {
führt zu scharfen Varianten, die jedoch bei genauem Spiel ungefährlich für
Schwarz sind.}) 13... g6 (13... Be7 $5 {1/2-1/2 Kasimdzhanov,R-Khenkin,I/
Moscow 2001/CBM 86/[Lutz] (23)}) 14. Bg5 (14. Bd2 $5 {ist ebenfalls zu
beachten.}) 14... Qa5 15. Nd2 $5 {Dieser Zug leitet ein überraschendes
Figurenopfer ein. Auch wenn dieses Opfer schon seit langem bekannt ist, ist es
doch in Praxis sehr gefährlich für Schwarz. Ich stütze mich im folgenden auf
Artur Jussupows umfangreiche Analysen unter www.chessgate.de.} (15. Nxd4 {
Lautier,J-Pelletier,Y/Leon 2001/CBM 86/[Lutz] (40)}) 15... Ba6 (15... Bc6 $2
16. Nc4 Qxa4 $2 17. b3 Qb5 18. Nd6+ $18 {(Jussupow)}) 16. Nc4 Bxc4 17. Bxc4 Bg7
18. Qxd4 {"Dieses Figurenopfer war noch keine Überraschung für meinen Gegner.
Allerdings konnte er sich nicht mehr an die Theorie erinnern und musste sie
wieder erfinden. Das kostete ziemlich viel Zeit und Kraft." (Jussupow)} Qxa4 (
18... O-O 19. Bb3 Rac8 20. f4 $14 {1/2-1/2 Kozul,Z-Borovikov,V/Bled 2000/CBM
75 ext (62)}) (18... h6 19. Bxd5 Qxd5 20. Qxd5 exd5 21. Be3 $14 {Hansen,LB})
19. Bxd5 exd5 20. Qxd5 {Für die Figur hat Weiß momentan nur einen Bauern, aber
der schwarze König ist in der Mitte steckengeblieben.} Nb6 (20... O-O $2 21. b3
$16) 21. Qd6 Qd7 22. Qxb4 (22. Rad1 $2 Qxd6 23. exd6+ Kd7 $8 24. Re7+ Kc6 {
Hansen,LB}) 22... Bf8 (22... Nd5 $6 23. Qe4 h6 24. Bf6 O-O 25. Rad1 Bxf6 26.
Rxd5 Qb7 27. exf6 Qxb2 28. Qf4 $16 {1/2-1/2 Rashkovsky,N-Sveshnikov,E/Sochi
1979/EXT 99 (32)}) 23. Qc3 Qe6 $2 {Nach diesem Fehler bleibt der König des
Schwarzen in der Mitte stecken, er muss nun ohne den Rh8 spielen.} ({Schwarz
muss zunächst seine Dame von d7 wegbewegen (Drohung e5-e6), er sollte dann
ungefähr das Gleichgewicht wahren können:} 23... Qc8 $1 24. Qf3 Bg7 25. e6 $5 (
25. Qa3 Bf8 26. Qf3 Bg7 $11 {ECO}) 25... O-O $8 26. Be7 fxe6 $1 27. Bxf8 Qxf8
28. Qb3 $1 Qf7 29. Rxe6 Bxb2 $1 30. Rd1 $1 Rb8 $1 31. Re7 Qxb3 32. axb3 a5 33.
Ra7 Bc3 $11 {mit einer ungefähr gleichen Stellung (Hansen,L-Ribli,Z/Polanica
Zdroj 1993/CBM 37/[Hansen,LB]). Jussupow wollte sich nach eigenen Angaben auf
dieses Endspiel einlassen.}) (23... Rc8 $2 24. e6 $18 {Chekhov,V}) 24. Bf6 {
Diesen Läufer wird Schwarz nicht mehr los. Wegen der Fesselung auf der e-Linie
ist auch ...Nd5xf6 nie eine Idee für Schwarz.} Rg8 25. Rad1 Be7 26. Rd6 $1 {
Vertreibt die schwarze Dame.} Qc8 (26... Qc4 27. Qf3 $18 {/\ 28.Be7 Ke7 29.
Qf6+ und 30.e6 (Jussupow)}) (26... Bxd6 27. exd6 $18) 27. Rc6 Qd8 28. Rc7 $5 {
Hier gewannen schon mehrere Züge.} (28. Bxe7 $5 Kxe7 (28... Qxe7 29. e6 f5 30.
Rxb6 $18) 29. Rc7+ Kf8 30. e6 $18 {Jussupow}) 28... Nd5 29. Qc6+ Kf8 30. Rd7
Qe8 31. Qxd5 Bxf6 32. Rxf7+ $1 {Weiß erreicht nun ein Schwerfigurenendspiel
mit mindestens zwei Mehrbauern.} (32. Rxf7+ Qxf7 33. Qxa8+ $18) 1-0